| 000 | 01672nam a2200229Ia 4500 | ||
|---|---|---|---|
| 003 | Ost | ||
| 005 | 20260507075000.0 | ||
| 008 | 260507s9999||||xx |||||||||||||| ||und|| | ||
| 020 | _a9957160478 | ||
| 040 | _cfsecg | ||
| 041 | _aara | ||
| 082 | _a657.48 | ||
| 100 |
_aالدليمي، خليل _eمؤلف |
||
| 245 | 0 |
_aمبادئ المحاسبة المالية ج2 / _c خليل الدليمي |
|
| 260 |
_aعمان: _bدار الثقافة, _c2005 |
||
| 300 |
_a464 صفحة؛ _bإيضاحات ؛ _c25 سم |
||
| 504 | _aبيبليوغرافيا ص.367 | ||
| 520 | _aجاء هذا الكتاب في تسعة فصول مكملاً للفصول السابقة في الجزء الأول تناولنا فيه الأسس النظرية والمنهجية العلمية لتحليل العمليات المالية وفق القيد المزدوج وتسجيلها وتبويبها لغاية إنجاز الدورة المحاسبية الكاملة، وأنواع الأخطاء المحاسبة وكيفية اكتشافها وتصحيحها وفق الأصول المحاسبية بصور سهلة ومبسطة ودعمة بالتطبيقات العلمية المحلولة وغير المحلولة و التسويات الجردية لبعض الحسابات، مستندين الى أساس الاستحقاق، والذي يعطي لكل سنة مستحقاتها من إيرادات ومصروفات تخصها ونفصلها عن السنوات الاخرى محققاً بذلك فرض الفترة المحاسبية. | ||
| 653 | _aمحاسبة مالية | ||
| 700 |
_aالساكني، عبدالرزاق _eمؤلف ثانوي |
||
| 942 | _cكتاب | ||
| 999 |
_c42069 _d42069 |
||